000 01356nam a2200361 a 4500
001 000113908
003 CHAP
005 20220329144418.0
008 171005s2017 mx a fsm |||||||spa d
010 _a110369
011 _a111341
040 _cCHAP
090 _aTesis
100 1 _aAparicio Quiroz, Bertín
_9133657
245 1 0 _aEnraizamiento con rizobacterias promotoras del crecimiento vegetal en esquejes de jitomate (Solanum lycopersicum L.), variedad Cid /
_h[En línea]
_cpor Bertín Aparicio Quiroz.
260 _aChapingo, Méx. :
_bEl autor,
_c2017.
500 _aPara ver el contenido del material haga clic en la liga
502 _aTesis (Ing. Agr. Esp. en Fitotecnia) -- UACH. Departamento de Fitotecnia
590 _aBATCH
_b00
_c20181121
_lUCH01
_h0758
590 _aE11695DGD
_b10
_c20171006
_lUCH01
_h0931
590 _aE8697GMM
_b05
_c20171005
_lUCH01
_h1431
590 _aE8697GMM
_b05
_c20171005
_lUCH01
_h1453
590 _aE8697GMM
_b05
_c20171005
_lUCH01
_h1454
650 1 4 _aBacterias fitógenas.
_99325
650 1 4 _aTomate
_xCrecimiento
_xEstimulantes.
_9130290
650 1 4 _aTomate
_xEnraizamiento.
_9132936
650 1 4 _aTomate
_xFisiología y morfología.
_9113722
856 _a1
_n0000422
856 _aFinding aid
_uhttp://10.13.5.2/tesis/sist113908.pdf
_zTeclea aquí
901 _aBK
942 _cTESIS
942 _n0
999 _c110369
_d110369